000 00457nam a2200157Ia 4500
005 20250329115320.0
008 231217s9999 xx 000 0 und d
020 _a9788131403402
082 _a658.11 MUT.1;1 R
100 _aMuthukumar, R ed.
245 0 _aCase studies on mergers, acquisitions and alliances V.1
260 _c2007
_bIcfai Books
_aHyderabad
300 _av, 296
650 _astudies,mergers,,acquisitions,alliances,V.1
942 _cAA
999 _c189117
_d189117